AUTOANTIBODIES IN SERA OF RABBITS IMMUNIZED WITH INFLUENZA VIRUS

Bibliographic Details
Main Authors: Loza-Tulimowska, M (Author), Michalak, T. (Author), Nowosławski, A. (Author), Semkow, R. (Author)
Format: Article
Language:English

MARC

LEADER 00000nab a2200000uu 4500
001 vtls011455746
003 SK-MaSNL
005 20260303151501.0
008 230222|1977 xo |||||||||||||||||eng|
015 |a SNBRB 
035 |a (urnnbn)urn:nbn:sk:snk:ar-a07ted 
035 |a (uuid)a17824cb-8357-4d63-87d5-f5926862f490 
035 |a urn:nbn:sk:snk-abcqq1 
040 |a SNKBUCL  |b slo  |c SNKBUCL  |e AACR2 
041 0 |a eng 
044 |a xo  |c SK 
100 1 |a Loza-Tulimowska, M  |4 aut  |9 1000938 
245 1 0 |a AUTOANTIBODIES IN SERA OF RABBITS IMMUNIZED WITH INFLUENZA VIRUS  |c M. Łoza-Tulimowska, T. Michalak, R. Semkow, A. Nowosławski 
700 1 |a Michalak, T.  |4 aut  |9 1000939 
700 1 |a Nowosławski, A.  |4 aut  |9 1000941 
700 1 |a Semkow, R.  |4 aut  |9 1007267 
773 0 |t Acta virologica  |g Roč. 21, č. 6 (1977), s. 495-498 
958 |a OND 
958 |a EUIPO 
958 |a article16 
999 |c 2017889  |d 2019819